Little Ladybug / (Record no. 104898)
[ view plain ]
| 000 -LEADER | |
|---|---|
| fixed length control field | 00690nam a2200193 a 4500 |
| 005 - DATE AND TIME OF LATEST TRANSACTION | |
| control field | 20140412111330.0 |
| 008 - FIXED-LENGTH DATA ELEMENTS--GENERAL INFORMATION | |
| fixed length control field | 030210s19uu xx 00 eng d |
| 020 ## - INTERNATIONAL STANDARD BOOK NUMBER | |
| International Standard Book Number | 2-7641-0469-3 |
| 050 ## - LIBRARY OF CONGRESS CALL NUMBER | |
| Classification number | ER |
| Item number | La12 1996 |
| 100 ## - MAIN ENTRY--PERSONAL NAME | |
| Personal name | Berowska, Marta |
| 245 ## - TITLE STATEMENT | |
| Title | Little Ladybug / |
| Statement of responsibility, etc | original text: Marta Berowska ; illustrations by Janusz Obluck. |
| 260 ## - PUBLICATION, DISTRIBUTION, ETC. (IMPRINT) | |
| Place of publication, distribution, etc | Montreal, Canada : |
| Name of publisher, distributor, etc | Tormont Publications Inc, |
| Date of publication, distribution, etc | 1996. |
| 300 ## - PHYSICAL DESCRIPTION | |
| Extent | 1 v. (unp.) ; ill. |
| 440 ## - SERIES STATEMENT/ADDED ENTRY--TITLE | |
| Title | Who's there? |
| 520 ## - SUMMARY, ETC. | |
| Summary, etc | Little Ladybug is out and about when it starts to rain and thunder. If she doesn't hurry, the rain will wash away her spots. |
| 650 ## - SUBJECT ADDED ENTRY--TOPICAL TERM | |
| Topical term or geographic name as entry element | Bugs--Fiction |
| 650 ## - SUBJECT ADDED ENTRY--TOPICAL TERM | |
| Topical term or geographic name as entry element | Childrens stories |
| Withdrawn status | Lost status | Damaged status | Use restrictions | Home library | Current library | Shelving location | Date acquired | Source of acquisition | Total Checkouts | Full call number | Barcode | Date last seen | Price effective from | Koha item type |
|---|---|---|---|---|---|---|---|---|---|---|---|---|---|---|
| Elizalde Library | Elizalde Library | Easy Reading Section | 02/10/2003 | ER La12 1996 | E8964 | 04/12/2014 | 04/12/2014 | Books |